Представление документа в формате MARC21

Поле Инд. ПП Название Значение
Тип записи a
Библиографический уровень b
001 Контрольный номер DU/588687803
005 Дата корректировки 20200522191926.4
008 Кодируемые данные 20180827
040 b Код языка каталог. rus
e Правила каталог. PSBO
041 0_ a Код языка текста rus
084 a Индекс другой классификации/Индекс ББК 60.033.145.2; 60.523
100 1_ a Автор Викторов А. Ш.
q Полное имя Викторов Александр Шагенович
245 10 a Заглавие К проблемам сохранения русской культуры и российской цивилизации
504 a Библиография Библиогр.: с. 71
520 0_ a Аннотация В статье рассматривается проблема сохранения русской культуры и российской цивилизации через призму таких ключевых понятий, как безопасность, духовность и противостояние разных цивилизаций. По мнению автора, духовность как основополагающая ценность всегда занимала значимое место в формировании и укреплении российской цивилизации, где основными формами существования и средствами сохранения национальной самобытности выступили культурная традиция, русское православие, светское и религиозное искусство, творчество. Однако реалии современного времени выдвигают на первый план не только обобщенные ценности, но и безопасность и сохранение конкретных реально живущих людей, групп, обществ вне зависимости от их политических, экономических и национальных различий
650 14 a Основная рубрика социальная философия
a Основная рубрика социология
a Основная рубрика социология культуры
a Основная рубрика философия
a Основная рубрика философия истории
653 1_ a Ключевые слова архетип
a Ключевые слова генотип
a Ключевые слова гуманитарная безопасность
a Ключевые слова духовность
a Ключевые слова менталитет
a Ключевые слова общественная безопасность
a Ключевые слова религия
a Ключевые слова российская цивилизация
a Ключевые слова русская культура
a Ключевые слова социотипы
a Ключевые слова фенотип
a Ключевые слова ядро культуры
773 08 t Заглавие источника Вестник Московского университета. Серия 18, Социология и политология
d Дата издания источника 2012
g Прочая информация № 1. - С. 53 - 71
w Контрольный № источника RU/IS/BASE/392489925
901 t Тип документа b